00449nam a2200145Ia 4500008004100000020001800041100002200059245002700081260001600108500002400124650003500148942000700183952009600190999001700286230524s9999 xx 000 0 und d a9789380005447 aMark Twain936676 0aSelected Short Stories bMaple Press aQuantity Number: 1 aPersonality Development936677 cBK 00104070aTATCLbTATCLcGENd2023-05-24l1p45000r2025-07-08s2024-01-25w2023-05-24yBK c50699d50699